[Event "XII Torneo Leonardo di Bona Nazionale"]
[Site "Cutro ITA"]
[Date "2006.04.27"]
[Round "5"]
[White "Virelli, Salvatore"]
[Black "Salvo, Vincenzo"]
[Result "0-1"]
[WhiteElo "1539"]
[BlackElo "1721"]
[PlyCount "74"]
[EventDate "2006.04.23"]

1.Nf3 Nc6 2.g3 e5 3.d3 Nf6 4.Bg2 Be7 5.O-O d6 6.b3 Bg4 7.Nbd2 Qd7 8.Bb2 
Bh3 9.e3 O-O 10.Re1 Rfe8 11.a3 h6 12.b4 b5 13.c4 a6 14.e4 Nh7 15.d4 Bg4 
16.Qc2 Bf6 17.Nb3 Bxf3 18.Bxf3 Ng5 19.Bg2 exd4 20.Rac1 d3 21.Qd2 Bxb2 22.
Qxb2 bxc4 23.Rxc4 Ne5 24.Qc3 Ngf3+ 25.Bxf3 Nxf3+ 26.Kg2 Nxe1+ 27.Qxe1 d5 
28.Nc5 Qb5 29.Rc3 dxe4 30.Nxe4 f5 31.Rc5 Qb7 32.Qc3 Qxe4+ 33.Kh3 Qe2 34.
Rxc7 Qf1+ 35.Kh4 g5+ 36.Kh5 Qh3+ 37.Kg6 Re6+ 0-1

[Event "XII Torneo Leonardo di Bona Nazionale"]
[Site "Cutro ITA"]
[Date "2006.04.29"]
[Round "6"]
[White "Alo', Lucio"]
[Black "Catapano, Francesco"]
[Result "0-1"]
[WhiteElo "1628"]
[BlackElo "1784"]
[PlyCount "102"]
[EventDate "2006.04.23"]

1.Nf3 Nf6 2.b3 g6 3.Bb2 Bg7 4.e3 c5 5.Be2 O-O 6.O-O d6 7.d4 b6 8.Nbd2 Bb7 
9.Rb1 Nbd7 10.dxc5 Nxc5 11.Bd4 Qc7 12.Bxc5 dxc5 13.c4 Rfd8 14.Qc2 Rd7 15.
Bd3 Rad8 16.Be4 Nxe4 17.Nxe4 Rd3 18.Nfd2 Qd7 19.Rbd1 Bxe4 20.Nxe4 Rxd1 21.
g3 Rxf1+ 22.Kxf1 Qd1+ 23.Qxd1 Rxd1+ 24.Kg2 Ra1 25.a4 Rb1 26.Nd2 Rb2 27.Ne4
Rxb3 28.Kf3 Rb4 29.h4 Rxc4 30.g4 Rxa4 31.h5 a5 32.hxg6 Rxe4 33.Kxe4 a4 34.
gxf7+ Kxf7 35.Kd5 a3 36.e4 a2 37.f4 a1=Q 38.e5 Qd4+ 39.Kc6 c4 40.f5 Bxe5 
41.g5 Qc5+ 42.Kb7 b5 43.g6+ hxg6 44.fxg6+ Kxg6 45.Ka6 b4 46.Kb7 Qc7+ 47.
Ka6 Qb8 48.Ka5 b3 49.Ka4 b2 50.Ka3 b1=R 51.Ka2 Ra1# 0-1

[Event "XII Torneo Leonardo di Bona Nazionale"]
[Site "Cutro ITA"]
[Date "2006.04.29"]
[Round "6"]
[White "Camposano, Antonio"]
[Black "Olivo, Ilaria"]
[Result "0-1"]
[WhiteElo "1389"]
[BlackElo "1392"]
[PlyCount "46"]
[EventDate "2006.04.23"]

1.d4 Nf6 2.e3 d5 3.g3 Nc6 4.Bh3 Bxh3 5.Nxh3 Qd7 6.Ng1 e5 7.Ne2 Be7 8.b3 
O-O 9.Ba3 Bxa3 10.Nxa3 Rfe8 11.c3 e4 12.Ng1 Qf5 13.Nb5 Rac8 14.Nxa7 Nxa7 
15.f3 exf3 16.Nxf3 Rxe3+ 17.Kf2 Ng4+ 18.Kg2 Rxc3 19.Rf1 Ne3+ 20.Kf2 Nxd1+ 
21.Raxd1 Qxf3+ 22.Kg1 Rc2 23.Rd3 Qg2# 0-1

[Event "XII Torneo Leonardo di Bona Nazionale"]
[Site "Cutro ITA"]
[Date "2006.04.29"]
[Round "6"]
[White "De Rasis, Giovanni"]
[Black "Paragliola, Gennaro"]
[Result "1-0"]
[WhiteElo "1476"]
[BlackElo "1529"]
[PlyCount "39"]
[EventDate "2006.04.23"]

1.e4 d6 2.f4 c6 3.d4 g6 4.c4 Bg7 5.Nc3 Nf6 6.Be2 Nbd7 7.e5 dxe5 8.fxe5 Ng8
9.Nf3 e6 10.O-O Ne7 11.Bf4 O-O 12.Ne4 Qb6 13.Qd2 Rd8 14.c5 Qc7 15.Nd6 Nd5 
16.Bh6 f5 17.Bxg7 Kxg7 18.Ng5 Nf8 19.Ngf7 Rd7 20.Ne8+ 1-0

[Event "XII Torneo Leonardo di Bona Nazionale"]
[Site "Cutro ITA"]
[Date "2006.04.29"]
[Round "6"]
[White "Ielapi, Vito"]
[Black "Rizzuti, Pasquale"]
[Result "1-0"]
[WhiteElo "1953"]
[BlackElo "1847"]
[PlyCount "43"]
[EventDate "2006.04.23"]

1.e4 c5 2.Nf3 Nc6 3.d4 cxd4 4.Nxd4 g6 5.Be3 Bg7 6.Nc3 Nf6 7.Be2 O-O 8.O-O 
d5 9.exd5 Nxd5 10.Nxd5 Qxd5 11.Bf3 Qd7 12.Nxc6 bxc6 13.Qxd7 Bxd7 14.Rad1 
Rfd8 15.c3 Kf8 16.Rd2 Ke8 17.Rfd1 Be5 18.Bc5 Bc7 19.Rxd7 Rxd7 20.Bxc6 Bd6 
21.Bxd6 Rd8 22.Bc7 1-0

[Event "XII Torneo Leonardo di Bona Nazionale"]
[Site "Cutro ITA"]
[Date "2006.04.29"]
[Round "6"]
[White "Levato, Biagio"]
[Black "Cultrera, Salvatore"]
[Result "1/2-1/2"]
[WhiteElo "1510"]
[BlackElo "1685"]
[PlyCount "62"]
[EventDate "2006.04.23"]

1.Nf3 Nf6 2.d3 e5 3.e4 Nc6 4.g3 Bc5 5.Nbd2 d6 6.Bg2 Ng4 7.Nh4 Be6 8.c3 Qf6
9.Nhf3 h6 10.b4 Bb6 11.Bb2 Qe7 12.a4 a6 13.d4 exd4 14.cxd4 Nxb4 15.d5 Bxd5
16.O-O Bc4 17.Re1 Ne5 18.Nxe5 dxe5 19.Ba3 a5 20.Qf3 O-O-O 21.Qc3 Ba6 22.
Bf1 Bxf1 23.Kxf1 Rd3 24.Bxb4 Qd7 25.Qxe5 Qh3+ 26.Ke2 Rhd8 27.Bxa5 f6 28.
Qb5 Bxf2 29.Rac1 Qg4+ 30.Kf1 Qh3+ 31.Ke2 Qg4+ 1/2-1/2

[Event "XII Torneo Leonardo di Bona Nazionale"]
[Site "Cutro ITA"]
[Date "2006.04.29"]
[Round "6"]
[White "Luvera', Filippo"]
[Black "Macri', Pasquale"]
[Result "1-0"]
[WhiteElo "1832"]
[BlackElo "1374"]
[PlyCount "55"]
[EventDate "2006.04.23"]

1.e4 e5 2.Nf3 d6 3.Nc3 Bg4 4.h3 Bxf3 5.Qxf3 Qf6 6.Qe2 a6 7.d3 Nc6 8.Be3 
Nge7 9.O-O-O Qe6 10.f4 d5 11.f5 Qd6 12.d4 exd4 13.Bxd4 Nxd4 14.Rxd4 Qf4+ 
15.Kb1 dxe4 16.Rxe4 Qxf5 17.g4 Qd7 18.Bg2 c6 19.Rd1 Qc7 20.Red4 g6 21.Ne4 
Bg7 22.Nd6+ Kf8 23.Rf4 f5 24.Qe6 Nd5 25.Bxd5 cxd5 26.Nxf5 Qxf4 27.Qe7+ Kg8
28.Qxg7# 1-0

[Event "XII Torneo Leonardo di Bona Nazionale"]
[Site "Cutro ITA"]
[Date "2006.04.29"]
[Round "6"]
[White "Meli, Massimo"]
[Black "De Marco, Francesco"]
[Result "0-1"]
[WhiteElo "1878"]
[BlackElo "1881"]
[PlyCount "124"]
[EventDate "2006.04.23"]

1.e4 c5 2.Nf3 d6 3.Nc3 Nf6 4.Be2 Nc6 5.d3 g6 6.h3 Bg7 7.O-O a6 8.a4 Qc7 9.
Bg5 Qa5 10.Nd2 Be6 11.Nc4 Bxc4 12.dxc4 Nd4 13.Bd3 h6 14.Be3 O-O 15.Nd5 Nc6
16.f4 e6 17.Bd2 Qd8 18.Ne3 Nb4 19.f5 exf5 20.exf5 Nxd3 21.cxd3 g5 22.Qf3 
Qd7 23.Bc3 Rfe8 24.Kh1 Rab8 25.Bxf6 Bxf6 26.Ng4 Bxb2 27.Nxh6+ Kg7 28.Qh5 
Bxa1 29.Qxg5+ Kf8 30.f6 Bxf6 31.Rxf6 Re1+ 32.Kh2 Qe8 33.Rxf7+ Qxf7 34.Nxf7
Kxf7 35.Qh5+ Ke6 36.Qg4+ Kf7 37.Qf5+ Ke7 38.Qh7+ Kd8 39.h4 Re7 40.Qg6 Kc7 
41.h5 Rbe8 42.g4 Re6 43.Qf7+ R8e7 44.Qf1 Re1 45.Qf4 R7e2+ 46.Kg3 Re3+ 47.
Kh4 Rxd3 48.Qf7+ Kc6 49.h6 Rh1+ 50.Kg5 Rdh3 51.Qe8+ Kc7 52.Qe7+ Kc6 53.
Qe4+ Kc7 54.Qh7+ Kc6 55.Kg6 Rxh6+ 56.Qxh6 Rxh6+ 57.Kxh6 b5 58.axb5+ axb5 
59.cxb5+ Kxb5 60.g5 c4 61.g6 c3 62.g7 c2 0-1

[Event "XII Torneo Leonardo di Bona Nazionale"]
[Site "Cutro ITA"]
[Date "2006.04.29"]
[Round "6"]
[White "Olivo, Gaetano"]
[Black "Piccoli, Vincenzo"]
[Result "0-1"]
[WhiteElo "1637"]
[BlackElo "1667"]
[PlyCount "117"]
[EventDate "2006.04.23"]

1.e4 d5 2.exd5 Qxd5 3.Nf3 Nf6 4.h3 Bf5 5.Nc3 Qa5 6.Bc4 c6 7.O-O e6 8.a3 
Nbd7 9.d4 Bd6 10.Bg5 O-O 11.Re1 h6 12.Bd2 Qc7 13.b4 Rad8 14.b5 Nb6 15.Bb3 
c5 16.dxc5 Bxc5 17.Qe2 Nbd5 18.Nxd5 Nxd5 19.c4 Nf4 20.Bxf4 Qxf4 21.Qe5 
Qxe5 22.Rxe5 Be7 23.Ree1 Rd3 24.Bc2 Rxa3 25.Rxa3 Bxa3 26.Bxf5 exf5 27.Re5 
Rc8 28.Re3 Bb4 29.Re5 Rxc4 30.Rxf5 Rc5 31.Rxc5 Bxc5 32.Kf1 a5 33.bxa6 bxa6
34.Ne1 a5 35.Ke2 a4 36.Nd3 Bd4 37.Nc1 Kf8 38.f3 Ke7 39.Kd3 Bb2 40.Na2 Kf6 
41.Ke4 Kg5 42.g3 f5+ 43.Ke3 f4+ 44.gxf4+ Kh4 45.f5 Kxh3 46.Kf4 h5 47.Nb4 
a3 48.Na2 h4 49.Nb4 Kg2 50.Nd3 a2 51.Ne1+ Kf1 52.Nc2 a1=Q 53.Nxa1 Bxa1 54.
Kg4 Bf6 55.Kh3 Kf2 56.Kg4 Kg2 57.f4 h3 58.Kh5 h2 59.Kg4 0-1

[Event "XII Torneo Leonardo di Bona Nazionale"]
[Site "Cutro ITA"]
[Date "2006.04.29"]
[Round "6"]
[White "Salvo, Vincenzo"]
[Black "Olivo, Paolo"]
[Result "1-0"]
[WhiteElo "1721"]
[BlackElo "1628"]
[PlyCount "51"]
[EventDate "2006.04.23"]

1.e4 c5 2.Nf3 d6 3.d4 cxd4 4.Nxd4 Nf6 5.Nc3 a6 6.h3 e6 7.Bd3 Be7 8.O-O Nc6
9.Nf3 b5 10.Be3 O-O 11.Re1 Qc7 12.Bf4 e5 13.Bg3 b4 14.Nd5 Nxd5 15.exd5 Nb8
16.Be4 Nd7 17.Nxe5 dxe5 18.d6 Bxd6 19.Bxa8 Nb6 20.Be4 Be6 21.Qh5 h6 22.Bd3
a5 23.Bxe5 Bxe5 24.Rxe5 Nd7 25.Rg5 Nf6 26.Qxh6 1-0

[Event "XII Torneo Leonardo di Bona Nazionale"]
[Site "Cutro ITA"]
[Date "2006.04.29"]
[Round "6"]
[White "Spagnolo, Vincenzo"]
[Black "Mercurio, Rosario"]
[Result "0-1"]
[WhiteElo "1401"]
[BlackElo "1333"]
[PlyCount "116"]
[EventDate "2006.04.23"]

1.e4 e6 2.d4 d5 3.exd5 exd5 4.Nf3 Nf6 5.Bd3 Be7 6.O-O O-O 7.Bf4 Re8 8.Re1 
Bf8 9.Rxe8 Qxe8 10.Bxc7 Nc6 11.Bf4 Bg4 12.c3 Ne4 13.Nbd2 Qe7 14.g3 Re8 15.
Qc1 Bf5 16.Bb5 Bh3 17.Bf1 Bg4 18.Bb5 Rc8 19.Bxc6 bxc6 20.a4 a5 21.Rb1 c5 
22.Qe1 cxd4 23.cxd4 Nxd2 24.Nxd2 Qb4 25.Qe5 Be6 26.b3 Re8 27.Qe3 Re7 28.
Rc1 Bg4 29.Qc3 Bh3 30.Qxb4 axb4 31.a5 g6 32.a6 Bg7 33.Be3 Ra7 34.Ra1 Bc8 
35.Ra5 Bxa6 36.Rxd5 Bb7 37.Rd8+ Bf8 38.Bh6 Ra8 39.Rxa8 Bxa8 40.Bxf8 Kxf8 
41.h4 h5 42.f3 f5 43.f4 Ke7 44.Kf2 Kd6 45.Ke3 Bb7 46.Nc4+ Ke6 47.Kd3 Be4+ 
48.Ke3 Bc2 49.Nd2 Kd5 50.Nc4 Bxb3 51.Ne5 Bc4 52.Nxg6 b3 53.Kd2 Kxd4 54.Kc1
Kc3 55.Kb1 Bd3+ 56.Ka1 b2+ 57.Ka2 b1=Q+ 58.Ka3 Qb3# 0-1

[Event "XII Torneo Leonardo di Bona Nazionale"]
[Site "Cutro ITA"]
[Date "2006.04.29"]
[Round "6"]
[White "Zavaglia, Giuseppe"]
[Black "Frontera, Giuseppe"]
[Result "1-0"]
[WhiteElo "1808"]
[BlackElo "1883"]
[PlyCount "59"]
[EventDate "2006.04.23"]

1.e4 c5 2.Nf3 d6 3.d4 cxd4 4.Nxd4 Nf6 5.Nc3 a6 6.Be3 e6 7.f3 Qc7 8.Qd2 Be7
9.O-O-O O-O 10.g4 b5 11.Rg1 Bb7 12.Bd3 b4 13.Nce2 d5 14.e5 Nfd7 15.f4 Nc5 
16.Kb1 Nbd7 17.Nc1 Rfb8 18.Ndb3 a5 19.Nxc5 Nxc5 20.Bxc5 Bxc5 21.Rg3 a4 22.
Rh3 g6 23.Qe1 Be7 24.g5 h5 25.gxh6 Kh7 26.Qg3 Bc8 27.Rg1 Bc5 28.Bxg6+ fxg6
29.Qxg6+ Kh8 30.Qg8# 1-0

[Event "XII Torneo Leonardo di Bona Nazionale"]
[Site "Cutro ITA"]
[Date "2006.04.29"]
[Round "7"]
[White "Calomeni, Gianpaolo"]
[Black "Camposano, Antonio"]
[Result "1-0"]
[WhiteElo "1440"]
[BlackElo "1389"]
[PlyCount "49"]
[EventDate "2006.04.23"]

1.e4 d6 2.Nf3 Nf6 3.Nc3 Bg4 4.Bc4 Nbd7 5.d4 e5 6.d5 Nc5 7.Bb5+ Bd7 8.Bd3 
Nxd3+ 9.Qxd3 Be7 10.Be3 O-O 11.O-O-O Ng4 12.Rhe1 Nxe3 13.Rxe3 Bg4 14.Rg1 
Bxf3 15.gxf3 Bg5 16.Nd1 Bxe3+ 17.Nxe3 Qh4 18.Ng4 Qg5+ 19.Kb1 h5 20.h4 hxg4
21.hxg5 gxf3 22.Qxf3 g6 23.Rh1 Kg7 24.Qf6+ Kg8 25.Rh8# 1-0

[Event "XII Torneo Leonardo di Bona Nazionale"]
[Site "Cutro ITA"]
[Date "2006.04.29"]
[Round "7"]
[White "Catapano, Francesco"]
[Black "De Rasis, Giovanni"]
[Result "1/2-1/2"]
[WhiteElo "1784"]
[BlackElo "1476"]
[PlyCount "55"]
[EventDate "2006.04.23"]

1.Nf3 d5 2.g3 c5 3.Bg2 Nc6 4.O-O Nf6 5.d3 e5 6.Nbd2 Be7 7.Re1 Bg4 8.c3 Qc7
9.Qc2 h5 10.e4 h4 11.exd5 hxg3 12.fxg3 Nxd5 13.Nxe5 Nxe5 14.Bxd5 O-O-O 15.
c4 Bg5 16.d4 cxd4 17.Qb3 Be3+ 18.Rxe3 dxe3 19.Qxe3 Rhe8 20.Qxa7 Nc6 21.
Qa8+ Kd7 22.Qa3 Re1+ 23.Kf2 Re2+ 24.Kg1 Qb6+ 25.c5 Qb5 26.Bc4 Qxc4 27.Nxc4
Re1+ 28.Kf2 1/2-1/2

[Event "XII Torneo Leonardo di Bona Nazionale"]
[Site "Cutro ITA"]
[Date "2006.04.29"]
[Round "7"]
[White "De Marco, Francesco"]
[Black "Salvo, Vincenzo"]
[Result "1-0"]
[WhiteElo "1881"]
[BlackElo "1721"]
[PlyCount "61"]
[EventDate "2006.04.23"]

1.e4 e5 2.Nf3 Nc6 3.Bc4 Bc5 4.c3 Nf6 5.d4 exd4 6.cxd4 Bb4+ 7.Nc3 Nxe4 8.
O-O Nxc3 9.bxc3 d5 10.Re1+ Ne7 11.Qa4+ c6 12.Qxb4 dxc4 13.Ba3 Be6 14.Ng5 
Qd7 15.Nxe6 fxe6 16.Qxc4 Kf7 17.Bxe7 Qxe7 18.Re5 Rhe8 19.Rae1 Qf6 20.R1e3 
Qg6 21.f4 Kf8 22.Rxe6 Rxe6 23.Rxe6 Qf7 24.Qc5+ Kg8 25.Qe5 Kf8 26.f5 Re8 
27.c4 Rxe6 28.fxe6 Qg6 29.Qd6+ Ke8 30.Qd7+ Kf8 31.e7+ 1-0

[Event "XII Torneo Leonardo di Bona Nazionale"]
[Site "Cutro ITA"]
[Date "2006.04.29"]
[Round "7"]
[White "Frontera, Giuseppe"]
[Black "Ielapi, Vito"]
[Result "0-1"]
[WhiteElo "1883"]
[BlackElo "1953"]
[PlyCount "174"]
[EventDate "2006.04.23"]

1.e4 d5 2.exd5 Qxd5 3.Nc3 Qd6 4.d4 Nf6 5.Nf3 a6 6.Be2 Bf5 7.O-O e6 8.h3 
Be7 9.Ne5 O-O 10.Bf4 Qd8 11.Bf3 c6 12.Qd2 Nbd7 13.Nc4 Nb6 14.Ne3 Bg6 15.
Rad1 Bd6 16.Bxd6 Qxd6 17.Rfe1 Rad8 18.Qc1 Qc7 19.Ne2 Nbd5 20.a3 Nf4 21.Nc4
Nxe2+ 22.Rxe2 c5 23.dxc5 Qxc5 24.Ne3 b5 25.Red2 Rc8 26.c3 h6 27.Rd4 Rc7 
28.Qd2 a5 29.Rd6 Ne4 30.Bxe4 Bxe4 31.Qd4 Qxd4 32.R1xd4 Bc6 33.Ng4 Rfc8 34.
f3 Bd5 35.Ne3 Bb3 36.Kf2 Kf8 37.Ra6 a4 38.Rb6 Rc5 39.Rd7 Kg8 40.Rbb7 Rf8 
41.Rd4 Ra8 42.f4 e5 43.Rb4 exf4 44.Rxf4 Re8 45.Rf5 Rce5 46.Rxe5 Rxe5 47.
Rc7 g6 48.c4 bxc4 49.Nxc4 Rd5 50.Ke3 Rd1 51.Nd2 Bd5 52.g3 Rg1 53.Kd4 Be6 
54.g4 Rg2 55.Kc3 Rg3+ 56.Kb4 Rd3 57.Nc4 Rd4 58.Kc3 Rf4 59.Nd2 Kf8 60.Rb7 
Ke8 61.Rb4 Rxb4 62.Kxb4 Bd7 63.Kc5 f5 64.gxf5 Bxf5 65.h4 Bc2 66.Kd6 Kf7 
67.Ke5 g5 68.hxg5 hxg5 69.Nf3 g4 70.Ng1 Bd1 71.Kf5 Ke7 72.Ke5 Kd7 73.Kd5 
Bf3+ 74.Ke5 Kc6 75.Kd4 Bd1 76.Ke4 Kd6 77.Kd4 Ke6 78.Ke4 Kf6 79.Kf4 Kg6 80.
Kg3 Kg5 81.Kg2 Kf4 82.Kf2 Ke4 83.Ke1 Bf3 84.Kd2 Kf4 85.Ke1 Kg3 86.Nxf3 
gxf3 87.Kf1 f2 0-1

[Event "XII Torneo Leonardo di Bona Nazionale"]
[Site "Cutro ITA"]
[Date "2006.04.29"]
[Round "7"]
[White "Ielapi, Gianbattista"]
[Black "Levato, Biagio"]
[Result "0-1"]
[WhiteElo "1629"]
[BlackElo "1510"]
[PlyCount "42"]
[EventDate "2006.04.23"]

1.e4 c5 2.Nf3 Nc6 3.d4 cxd4 4.Nxd4 e6 5.Nc3 a6 6.Be2 Qc7 7.Be3 Nf6 8.Qd2 
Bb4 9.f3 O-O 10.g4 d5 11.g5 Ne8 12.exd5 exd5 13.O-O-O Nd6 14.Bd3 Ne5 15.
Be2 Nec4 16.Bxc4 Nxc4 17.Qf2 Nxe3 18.Qxe3 Qc4 19.Nde2 Be6 20.Nf4 Bxc3 21.
Qxc3 Qxf4+ 0-1

[Event "XII Torneo Leonardo di Bona Nazionale"]
[Site "Cutro ITA"]
[Date "2006.04.29"]
[Round "7"]
[White "Macri', Pasquale"]
[Black "Rizzuti, Pasquale"]
[Result "0-1"]
[WhiteElo "1374"]
[BlackElo "1847"]
[PlyCount "36"]
[EventDate "2006.04.23"]

1.e4 Nf6 2.e5 Nd5 3.Bc4 Nb6 4.Qe2 d5 5.exd6 Nxc4 6.dxe7 Qxe7 7.Qxe7+ Bxe7 
8.d3 Nd6 9.Nc3 O-O 10.Nd5 Bd8 11.Nf3 c6 12.Bf4 cxd5 13.Bxd6 Re8+ 14.Kd2 
Nc6 15.Rae1 Be6 16.Re2 Ba5+ 17.Kc1 d4 18.Rhe1 Bxe1 0-1

[Event "XII Torneo Leonardo di Bona Nazionale"]
[Site "Cutro ITA"]
[Date "2006.04.29"]
[Round "7"]
[White "Mercurio, Rosario"]
[Black "Piccoli, Vincenzo"]
[Result "0-1"]
[WhiteElo "1333"]
[BlackElo "1667"]
[PlyCount "72"]
[EventDate "2006.04.23"]

1.Nf3 Nf6 2.g3 g6 3.Bg2 Bg7 4.O-O O-O 5.d3 d5 6.Nbd2 c5 7.b3 Ne4 8.d4 Nc3 
9.Qe1 cxd4 10.Bb2 Nxe2+ 11.Kh1 Nc3 12.Nb1 Nc6 13.a3 Nxb1 14.Rxb1 e5 15.Qd1
Bg4 16.h3 Bxf3 17.Bxf3 e4 18.Be2 Qd7 19.Kh2 a6 20.Re1 f5 21.Bf1 f4 22.Bg2 
f3 23.Bh1 Rae8 24.a4 b5 25.axb5 axb5 26.Ra1 Ra8 27.Qd2 e3 28.Qd3 Nb4 29.
Qd1 Rxa1 30.Bxa1 Qc6 31.Bxd4 Bxd4 32.Qxd4 Nxc2 33.Qd1 Nxe1 34.Qxe1 e2 35.
Bxf3 Rxf3 36.b4 Qc2 0-1

[Event "XII Torneo Leonardo di Bona Nazionale"]
[Site "Cutro ITA"]
[Date "2006.04.29"]
[Round "7"]
[White "Olivo, Ilaria"]
[Black "Alo', Lucio"]
[Result "1-0"]
[WhiteElo "1392"]
[BlackElo "1628"]
[PlyCount "85"]
[EventDate "2006.04.23"]

1.d4 d5 2.c4 Nf6 3.Nc3 e6 4.Bg5 Bb4 5.Qc2 Nbd7 6.Nf3 h6 7.Bxf6 Nxf6 8.e3 
Ne4 9.a3 Bxc3+ 10.bxc3 Bd7 11.cxd5 exd5 12.Bd3 Bf5 13.O-O O-O 14.Rab1 b6 
15.Rfe1 Qe7 16.a4 c5 17.Qb2 c4 18.Be2 Ng5 19.Ra1 Be4 20.Qb4 Qf6 21.Ne5 
Rfd8 22.Bg4 Ne6 23.Nc6 Re8 24.Bxe6 Rxe6 25.Ne5 Qg5 26.f3 Bf5 27.a5 f6 28.
Ng4 Bxg4 29.fxg4 Rxe3 30.axb6 Rxe1+ 31.Rxe1 axb6 32.Qxb6 Qxg4 33.Qc6 Rd8 
34.h3 Qg5 35.Qe6+ Kh7 36.Qb6 Ra8 37.Qb7 Ra2 38.Qb1+ f5 39.Qxa2 Qg3 40.Qb1 
Qxc3 41.Qxf5+ g6 42.Qf7+ Kh8 43.Re8# 1-0

[Event "XII Torneo Leonardo di Bona Nazionale"]
[Site "Cutro ITA"]
[Date "2006.04.29"]
[Round "7"]
[White "Olivo, Paolo"]
[Black "Cultrera, Salvatore"]
[Result "1-0"]
[WhiteElo "1628"]
[BlackElo "1685"]
[PlyCount "53"]
[EventDate "2006.04.23"]

1.e4 d5 2.exd5 Qxd5 3.Nc3 Qa5 4.d4 Nf6 5.Bc4 c6 6.Qe2 Bf5 7.Bd2 Qb6 8.
O-O-O Qxd4 9.Nf3 Qd7 10.Ne5 Qc7 11.Bxf7+ Kd8 12.Nb5 cxb5 13.Ba5+ Kc8 14.
Bxc7 Kxc7 15.Qxb5 Nc6 16.Qc4 Rc8 17.Bd5 Nxd5 18.Qxd5 Kb8 19.Nxc6+ Rxc6 20.
Qxf5 e6 21.Qe5+ Kc8 22.Rd3 Bc5 23.Rc3 b6 24.b4 Rd8 25.bxc5 Rd5 26.Qxg7 
bxc5 27.Rd1 1-0

[Event "XII Torneo Leonardo di Bona Nazionale"]
[Site "Cutro ITA"]
[Date "2006.04.29"]
[Round "7"]
[White "Paragliola, Gennaro"]
[Black "Virelli, Salvatore"]
[Result "1-0"]
[WhiteElo "1529"]
[BlackElo "1539"]
[PlyCount "71"]
[EventDate "2006.04.23"]

1.d4 Nf6 2.c4 g6 3.Nc3 d5 4.cxd5 Nxd5 5.e4 Nxc3 6.bxc3 Bg7 7.Nf3 O-O 8.Be2
c5 9.O-O Nc6 10.Be3 cxd4 11.cxd4 Bg4 12.e5 e6 13.Qa4 Qa5 14.Qxa5 Nxa5 15.
Rfc1 Nc6 16.Rc3 a6 17.h3 Bf5 18.g4 Be4 19.Nd2 Bd5 20.Nc4 Bxc4 21.Rxc4 Na5 
22.Rc7 Rac8 23.Rac1 Nc6 24.Rxb7 Nxd4 25.Rxc8 Nxe2+ 26.Kf1 Rxc8 27.Kxe2 
Bxe5 28.f4 Bg7 29.Kd3 Rc3+ 30.Kd2 Ra3 31.Rb8+ Bf8 32.Bc5 Rxa2+ 33.Ke3 Kg7 
34.Bxf8+ Kf6 35.Rb7 Rh2 36.g5+ 1-0

[Event "XII Torneo Leonardo di Bona Nazionale"]
[Site "Cutro ITA"]
[Date "2006.04.29"]
[Round "7"]
[White "Policastrese, Salvatore"]
[Black "Spagnolo, Vincenzo"]
[Result "1/2-1/2"]
[WhiteElo "1440"]
[BlackElo "1401"]
[PlyCount "40"]
[EventDate "2006.04.23"]

1.e4 e5 2.Nf3 Nc6 3.Bb5 Nf6 4.Nc3 Bc5 5.Bxc6 Ng4 6.O-O bxc6 7.h3 Nxf2 8.
Rxf2 Bxf2+ 9.Kxf2 d6 10.d3 h6 11.Ne2 O-O 12.Be3 Re8 13.Kg1 c5 14.Qe1 Rb8 
15.b3 Be6 16.Qg3 Qf6 17.c3 Bd7 18.Re1 Re6 19.Nc1 Bc6 20.Qg4 Qe7 1/2-1/2

[Event "XII Torneo Leonardo di Bona Nazionale"]
[Site "Cutro ITA"]
[Date "2006.04.29"]
[Round "7"]
[White "Soluri, Francesco"]
[Black "Olivo, Gaetano"]
[Result "0-1"]
[WhiteElo "1473"]
[BlackElo "1637"]
[PlyCount "54"]
[EventDate "2006.04.23"]

1.d4 f5 2.g3 d6 3.Bg2 Bd7 4.Bf4 c6 5.c3 Qb6 6.Qd2 g6 7.Nf3 Bg7 8.Na3 Nf6 
9.Qc2 Nh5 10.Bd2 O-O 11.O-O e5 12.dxe5 dxe5 13.Nc4 Qc7 14.e4 Be6 15.Na3 f4
16.Rad1 Nd7 17.b3 Qd8 18.Bc1 Rf7 19.Nc4 Bxc4 20.bxc4 Qf8 21.Ng5 Re7 22.Rd6
Rae8 23.g4 Nhf6 24.f3 h6 25.Nh3 Re6 26.Rfd1 Rxd6 27.Rxd6 Qxd6 0-1

[Event "XII Torneo Leonardo di Bona Nazionale"]
[Site "Cutro ITA"]
[Date "2006.04.29"]
[Round "7"]
[White "Zavaglia, Giuseppe"]
[Black "Luvera', Filippo"]
[Result "1/2-1/2"]
[WhiteElo "1808"]
[BlackElo "1832"]
[PlyCount "38"]
[EventDate "2006.04.23"]

1.d4 d5 2.Nf3 Nf6 3.Bg5 e6 4.Nbd2 Be7 5.e3 Nbd7 6.Bd3 h6 7.Bh4 O-O 8.O-O 
c5 9.c3 b6 10.Re1 Bb7 11.e4 dxe4 12.Nxe4 cxd4 13.Nxd4 Nc5 14.Nxc5 Bxc5 15.
Nb3 Qd5 16.Bf1 Ne4 17.Qxd5 Bxd5 18.Nxc5 Nxc5 19.c4 Bb7 1/2-1/2

[Event "XII Torneo Leonardo di Bona Nazionale"]
[Site "Cutro ITA"]
[Date "2006.04.30"]
[Round "8"]
[White "Calomeni, Gianpaolo"]
[Black "Ielapi, Gianbattista"]
[Result "0-1"]
[WhiteElo "1440"]
[BlackElo "1629"]
[PlyCount "102"]
[EventDate "2006.04.23"]

1.e4 c5 2.Nc3 d6 3.Bc4 g6 4.d3 Bg7 5.Bd2 Nf6 6.Nf3 O-O 7.Qe2 Nc6 8.Be3 a6 
9.a3 Bg4 10.h3 Nd4 11.Bxd4 Bxf3 12.Qxf3 cxd4 13.Ne2 b5 14.Ba2 Qa5+ 15.b4 
Qc7 16.Bb3 Rac8 17.O-O Nd7 18.Ng3 a5 19.bxa5 Qxa5 20.a4 b4 21.Rfe1 Nc5 22.
Rec1 Nxb3 23.cxb3 Rc3 24.Rab1 Rfc8 25.Ne2 Rxc1+ 26.Rxc1 Rxc1+ 27.Nxc1 Qc7 
28.Na2 Qc2 29.Nxb4 Qxb3 30.Nc6 Bf6 31.a5 Qb7 32.e5 dxe5 33.Nxd4 Qb1+ 34.
Kh2 exd4 35.a6 Qb8+ 36.Kh1 Be5 37.g3 Qa7 38.Qe4 Bf6 39.Qc6 Kg7 40.f4 e5 
41.Qb7 Qc5 42.a7 Qc1+ 43.Kg2 Qd2+ 44.Kh1 exf4 45.Qg2 Qd1+ 46.Kh2 fxg3+ 47.
Qxg3 Qe2+ 48.Qg2 Be5+ 49.Kh1 Qe1+ 50.Qg1 Qa5 51.Qg5 f6 0-1

[Event "XII Torneo Leonardo di Bona Nazionale"]
[Site "Cutro ITA"]
[Date "2006.04.30"]
[Round "8"]
[White "Camposano, Antonio"]
[Black "Abbruzzese, Alfredo"]
[Result "1-0"]
[WhiteElo "1389"]
[BlackElo "1380"]
[PlyCount "61"]
[EventDate "2006.04.23"]

1.d4 d5 2.Nc3 Nf6 3.e3 e6 4.Bb5+ c6 5.Bd3 Bd6 6.e4 O-O 7.e5 Bxe5 8.dxe5 
Nfd7 9.Qh5 h6 10.Qe2 Qc7 11.Nf3 a5 12.O-O b6 13.Bd2 Na6 14.Rfe1 Nac5 15.
Bf4 Ba6 16.Bxa6 Nxa6 17.a3 f6 18.b4 a4 19.Nxa4 b5 20.Nb2 c5 21.Qd2 Nab8 
22.exf6 Qc6 23.fxg7 Kxg7 24.Bxh6+ Kf7 25.Bxf8 Kxf8 26.Qh6+ Ke7 27.Ng5 Nf8 
28.Qg7+ Kd6 29.Qxf8+ Kd7 30.Qf7+ Kd6 31.Rxe6# 1-0

[Event "XII Torneo Leonardo di Bona Nazionale"]
[Site "Cutro ITA"]
[Date "2006.04.30"]
[Round "8"]
[White "Frontera, Giuseppe"]
[Black "Olivo, Paolo"]
[Result "1-0"]
[WhiteElo "1883"]
[BlackElo "1628"]
[PlyCount "57"]
[EventDate "2006.04.23"]

1.e4 d5 2.exd5 Qxd5 3.Nc3 Qa5 4.d4 Nf6 5.Nf3 Bg4 6.Be2 e6 7.O-O Nbd7 8.h3 
Bh5 9.Bf4 c6 10.a3 Nd5 11.Nxd5 cxd5 12.Ne5 Bxe2 13.Qxe2 Bd6 14.Nxf7 Kxf7 
15.Bxd6 Rhe8 16.Rfe1 Qb6 17.Be5 Rac8 18.c3 Nxe5 19.Qxe5 Re7 20.Re2 Kg8 21.
Rae1 a5 22.Qg5 Rce8 23.Qd2 Rc8 24.Re5 Rc6 25.Rxd5 Qc7 26.Rde5 Rd6 27.Qg5 
b6 28.f4 Qd7 29.f5 1-0

[Event "XII Torneo Leonardo di Bona Nazionale"]
[Site "Cutro ITA"]
[Date "2006.04.30"]
[Round "8"]
[White "Ielapi, Vito"]
[Black "De Marco, Francesco"]
[Result "0-1"]
[WhiteElo "1953"]
[BlackElo "1881"]
[PlyCount "142"]
[EventDate "2006.04.23"]

1.e4 c5 2.Nf3 d6 3.d4 cxd4 4.Nxd4 Nf6 5.Nc3 g6 6.Be2 Bg7 7.Be3 O-O 8.O-O 
a6 9.a4 Nc6 10.Nb3 Be6 11.f4 Rc8 12.g4 Bxb3 13.cxb3 e6 14.Bf3 d5 15.exd5 
Nxd5 16.Nxd5 exd5 17.Bxd5 Qh4 18.Qf3 Nd4 19.Qg2 Rc2 20.Rf2 Rxf2 21.Bxf2 
Qf6 22.Bg3 Nxb3 23.Rd1 Rd8 24.Qc2 Nd4 25.Qe4 Qb6 26.Bf2 Qc5 27.Bxb7 Qc4 
28.Kg2 Qxa4 29.Rd2 Re8 30.Qd5 Ne2 31.Bg3 Nxf4+ 32.Bxf4 Qxf4 33.h3 Be5 34.
Rf2 Qg3+ 35.Kf1 Qxh3+ 36.Rg2 Bxb2 37.Qf3 Qh1+ 38.Rg1 Qxf3+ 39.Bxf3 Bc3 40.
Rg2 Re1+ 41.Kf2 a5 42.Kg3 g5 43.Bd5 Ra1 44.Rc2 Ra3 45.Kg2 Kf8 46.Kf1 Ke7 
47.Re2+ Kf8 48.Rc2 Be5 49.Re2 f6 50.Rc2 Rg3 51.Be6 Ke7 52.Bf5 h5 53.gxh5 
Rf3+ 54.Rf2 Rxf2+ 55.Kxf2 a4 56.Kf3 a3 57.Bb1 f5 58.Ba2 g4+ 59.Ke3 g3 60.
h6 Kf6 61.h7 Kg5 62.Kf3 Kh4 63.Kg2 Kg4 64.Be6 Kf4 65.Ba2 Ke3 66.h8=Q Bxh8 
67.Kxg3 f4+ 68.Kg2 f3+ 69.Kf1 Bd4 70.Bc4 Kd2 71.Ba2 Kc3 0-1